Niñas, mujeres y superdotación: un desafío a la discriminación educativa de las mujeres
Uloženo v:
| Hlavní autoři: | , |
|---|---|
| Médium: | Kniha |
| Jazyk: | španělština |
| Vydáno: |
Madrid
Narcea
1999
|
| Témata: | |
| Tagy: |
Přidat tag
Žádné tagy, Buďte první, kdo vytvoří štítek k tomuto záznamu!
|
MARC
| LEADER | 00000nam a2200000 a 4500 | ||
|---|---|---|---|
| 001 | UCO3011 | ||
| 003 | CL-VaPUC | ||
| 008 | 000610e19990000SP |||||||||||||||||spa|d | ||
| 082 | 0 | 4 | |a 371.95 |b ELL |2 21 |
| 100 | 0 | |a Ellis, Julie L |e author |9 446825 | |
| 700 | 0 | |a Willinsky, John |e author |9 446826 | |
| 245 | 1 | 0 | |a Niñas, mujeres y superdotación: un desafío a la discriminación educativa de las mujeres |
| 300 | |a 253 p | ||
| 942 | |c BK | ||
| 945 | |d 20000610 00:00:00 |a rbrito | ||
| 260 | |a Madrid |b Narcea |c 1999 | ||
| 650 | 7 | |a EDUCACION DE LA MUJER |2 CL-VaPUC |9 307884 | |
| 650 | 0 | |a Mujeres |9 257649 | |
| 650 | 0 | |a Discriminación |9 335101 | |
| 650 | 7 | |a NIÑOS SUPERDOTADOS |2 CL-VaPUC |9 446827 | |
| 650 | 0 | |a Educación especial |9 307486 | |
| 583 | |a last modification |c 20170911 01:09:42 |k Rodrigo Vera | ||
| 999 | |c 289494 |d 289492 | ||
| 952 | |0 0 |1 0 |4 0 |6 371_950000000000000_ELL_1999 |7 0 |8 A |9 337937 |a FDOPOS |b FDOPOS |d 2019-11-20 |i 3622568 |o 371.95 ELL 1999 |p 3622568 |r 2025-01-22 |w 2019-11-20 |y BK |k MLA | ||
| 952 | |0 0 |1 0 |4 0 |6 371_950000000000000_ELL_1999 |7 0 |8 A |9 337938 |a BIBEDU |b BIBEDU |d 2019-11-20 |i 3661113 |o 371.95 ELL 1999 |p 3661113 |r 2019-11-20 |w 2019-11-20 |y BK |k BME | ||
| 952 | |0 0 |1 0 |4 0 |6 371_950000000000000_ELL_1999 |7 0 |8 A |9 337939 |a BIBEDU |b BIBEDU |d 2019-11-20 |i 3698041 |o 371.95 ELL 1999 |p 3698041 |r 2019-11-20 |w 2019-11-20 |y BK |k EPE | ||